00000000cam 2200000zi 4500
0019.956241
003CaOODSP
00520260119132010
006m     o  d f      
007cr cn|||||||||
008251010t20252025quca    o    f000 0 fre d
020 |a9780660793030
040 |aCaOODSP|bfre|erda|cCaOODSP
043 |an-cn---
0861 |aR122-104/2025F-PDF
24500|aProjet de loi S-2 : |bLoi modifiant la Loi sur les Indiens (nouveaux droits à l'inscription) : trousse d'information.
264 1|a[Gatineau, Québec] : |bServices aux Autochtones Canada = Indigenous Services Canada, |c[2025]
264 4|c©2025
300 |a1 ressource en ligne (10 pages) : |billustrations
336 |atexte|btxt|2rdacontent/fre
337 |ainformatique|bc|2rdamedia/fre
338 |aressource en ligne|bcr|2rdacarrier/fre
500 |aTitre de la couverture.
500 |aPublié aussi en anglais sous le titre : Bill S-2 : An Act to amend the Indian Act (new registration entitlements) : information kit.
500 |aRemplacé par la version corrigée 01-19-2026.
61016|aCanada. |tLoi sur les Indiens.
650 6|aPremières Nations|xDroit|vLégislation.
650 6|aPremieĢ€res Nations|xNationalité ethnique.
7101 |aCanada. |bServices aux Autochtones Canada, |eorganisme de publication.
77508|tBill S-2 : |w(CaOODSP)9.956240
85640|qPDF|s378 Ko|uhttps://publications.gc.ca/collections/collection_2025/sac-isc/R122-104-2025-fra.pdf